Quiz wiedza ogólna #4 - Statystyki

Ogólne statystyki
  • Ten quiz został rozwiązany 30 razy
  • Średni wynik to 6 z 8
Statystyki odpowiedzi
Zagadnienie Odpowiedź % Poprawnych
Ile to 12 do kwadratu? 144
97%
Twórca teorii ewolucji. Karol Darwin
97%
Z iloma państwami graniczy Watykan? Z 1
97%
Przyjął chrzest w 966 roku i Polska weszła do kręgu państw katolickich. Kto to był? Mieszko I
93%
Najlepszy wynik reprezentacji Polski na mistrzostwach świata w piłce nożnej 3. miejsce w 1974 i 1982
83%
Jak to napisać? pięćdziesięciogroszówka
76%
Który filozof powiedział „Wiem, że nic nie wiem”? Sokrates
59%
Napisał sagę o Bjornie Stenskalle. Paweł Wakuła
24%
Nie znaleziono quizów pasujących do podanych kryteriów
Rozkład punktacji
Procent ludzi z każdym wynikiem
Percentyl według liczby udzielonych odpowiedzi
Twoja historia wyników
Nie rozwiązałeś tego quizu